| 000 | 00745nam a22002177a 4500 | ||
|---|---|---|---|
| 999 |
_c21924 _d21924 |
||
| 003 | AR-CdUCM | ||
| 008 | 190220b ||||| |||| 00| 0 spa d | ||
| 020 | _a9786124295966 | ||
| 040 |
_aMUNICIPALIDAD PROVINCIAL DEL CUSCO _cBIBLIOTECA MUNICIPAL DEL CUSCO |
||
| 082 |
_a869.56/A665G _bA665G |
||
| 100 |
_aAramayo, Omar _917181 |
||
| 245 |
_aEl gallo de cristal / _cOmar Aramayo |
||
| 260 |
_aPuno : _bUniversidad Nacional del Altiplano, _c2021. |
||
| 300 |
_a461 páginas. : _c25 cm. |
||
| 505 | _aContenido: El gallo de cristal. -- La novia del Kapía. -- El alarife don SImón de Asto... | ||
| 650 |
_aLiteratura peruana _946866 |
||
| 650 |
_aCuentos peruanos _946867 |
||
| 650 |
_aSiglo XX _946868 |
||
| 942 |
_2ddc _cLIBROS |
||
| 945 | _aRoel | ||